| 000 | 00897cam a2200289Ma 4500 | ||
|---|---|---|---|
| 001 | 91842 | ||
| 005 | 20230404125949.0 | ||
| 008 | 051128s2005 bl 001 0 por d | ||
| 035 | _a(OCoLC)ocm68190039 | ||
| 040 |
_aMNU _cMNU |
||
| 020 | _a8574972754 | ||
| 020 | _a9788574972756 | ||
| 035 | _a(OCoLC)68190039 | ||
| 050 | 1 | 4 |
_a103 F 2546 _bM672a 2005 |
| 100 | 1 | _aMiranda, Jorge Babot. | |
| 245 | 1 | 0 |
_aAmazonia : _barea cobicada / _cJorge Babot Miranda. |
| 260 |
_aPorto Alegre. RS, Brazil : _bEditora Age, _cc2005. |
||
| 300 |
_a223 p. : _bill. (some col.), map ; _c21 cm. |
||
| 500 | _aIncludes index. | ||
| 651 | 0 |
_aAmazonas (Brazil) _xHistory. |
|
| 650 | 0 |
_aSustainable development _zAmazonas (Brazil). |
|
| 650 | 0 |
_aEconomic development _xEnvironmental aspects _zAmazonas (Brazil). |
|
| 653 |
_aAmazonas (Brazil) _xHistoria |
||
| 942 |
_2lcc _cbk |
||
| 994 |
_aC0 _bDRFGD |
||
| 946 | _anc | ||
| 999 |
_c8216 _d8216 |
||